|
|
|
|
| LEADER |
02516nam a2200493 i 4500 |
| 001 |
EBC3043006 |
| 003 |
MiAaPQ |
| 005 |
20200520144314.0 |
| 006 |
m o d | |
| 007 |
cr cnu|||||||| |
| 008 |
850613s1973 gw ob 001 0 ger|d |
| 020 |
|
|
|z 3110045001
|
| 020 |
|
|
|z 9783110045000
|
| 020 |
|
|
|a 9783110903591 (e-book)
|
| 035 |
|
|
|a (MiAaPQ)EBC3043006
|
| 035 |
|
|
|a (Au-PeEL)EBL3043006
|
| 035 |
|
|
|a (CaPaEBR)ebr10755184
|
| 035 |
|
|
|a (OCoLC)922946118
|
| 040 |
|
|
|a MiAaPQ
|b eng
|e rda
|e pn
|c MiAaPQ
|d MiAaPQ
|
| 043 |
|
|
|a e-gw---
|a e------
|
| 050 |
|
4 |
|a KK5086
|b .F76 1973
|
| 100 |
1 |
|
|a Frowein, Jochen Abr.,
|d 1934-
|
| 245 |
1 |
0 |
|a Gemeinschaftsaufgaben im Bundesstaat /
|c Jochen Abr. Frowein und Ingo v. Munch. Partizipation an Verwaltungsentscheidungen / Robert Walter und Walter Schmitt Glaeser.
|
| 246 |
3 |
|
|a Gemeinschaftsaufgaben im Bundesstaat ; Partizipation an Verwaltungsentscheidungen
|
| 264 |
|
1 |
|a Berlin ;
|a New York :
|b W. de Gruyter,
|c 1973.
|
| 300 |
|
|
|a 1 online resource (332 pages).
|
| 336 |
|
|
|a text
|2 rdacontent
|
| 337 |
|
|
|a computer
|2 rdamedia
|
| 338 |
|
|
|a online resource
|2 rdacarrier
|
| 440 |
|
0 |
|a Veroffentlichungen der Vereinigung der Deutschen Staatsrechtslehrer ;
|v Heft 31
|
| 500 |
|
|
|a "Berichte und Diskussionen auf der Tagung der Vereinigung der Deutschen Staatsrechtslehrer in Salzburg vom 4. bis 7. Oktober 1972."
|
| 504 |
|
|
|a Includes bibliographical references and index.
|
| 588 |
|
|
|a Description based on print version record.
|
| 590 |
|
|
|a Electronic reproduction. Ann Arbor, MI : ProQuest, 2015. Available via World Wide Web. Access may be limited to ProQuest affiliated libraries.
|
| 650 |
|
0 |
|a Exclusive and concurrent legislative powers
|z Germany (West)
|
| 650 |
|
0 |
|a Exclusive and concurrent legislative powers
|z Europe.
|
| 655 |
|
4 |
|a Electronic books.
|
| 700 |
1 |
|
|a Munch, Ingo v.
|
| 700 |
1 |
2 |
|i contains (work)
|a Walter, Robert,
|d 1931-
|t Partizipation an Verwaltungsentscheidungen.
|
| 700 |
1 |
2 |
|i contains (work)
|a Schmitt Glaeser, Walter.
|t Partizipation an Verwaltungsentscheidungen.
|
| 710 |
2 |
|
|a Vereinigung der Deutschen Staatsrechtslehrer.
|
| 776 |
0 |
8 |
|i Print version:
|a Frowein, Jochen Abr.
|t Gemeinschaftsaufgaben im Bundesstaat.
|d Berlin : W. de Gruyter, 1973
|h 329 pages ; 22 cm.
|k Veroffentlichungen der Vereinigung der Deutschen Staatsrechtslehrer ; Heft 31
|z 9783110045000
|w (DLC) 73366330
|w (DLC)9469924
|
| 797 |
2 |
|
|a ProQuest (Firm)
|
| 856 |
4 |
0 |
|u https://ebookcentral.proquest.com/lib/matrademy/detail.action?docID=3043006
|z Click to View
|